Digital Electronics (Record no. 5406)

MARC details
000 -LEADER
fixed length control field 00479nam a2200157Ia 4500
003 - CONTROL NUMBER IDENTIFIER
control field SGT
020 ## - INTERNATIONAL STANDARD BOOK NUMBER
International Standard Book Number 9780198061830
082 ## - DEWEY DECIMAL CLASSIFICATION NUMBER
Classification number 621.381
Item number KHA
100 ## - MAIN ENTRY--PERSONAL NAME
Personal name Kharate,G.K.
245 ## - TITLE STATEMENT
Title Digital Electronics
260 ## - PUBLICATION, DISTRIBUTION, ETC. (IMPRINT)
Name of publisher, distributor, etc Oxford University Press
Place of publication, distribution, etc N.Delhi
Year of Publication 2012
300 ## - PAGE DESCRIPTION
No. of Pages 667p.
650 ## - SUBJECT ADDED ENTRY--TOPICAL TERM
Topical term or geographic name as entry element ELECTRONICS ENGINEERING
653 ## - KEYWORDS--INDEX TERM
Keyword term LOGIC FAMILIES,NUMBER SYSTEM AND CODES,BOOLEAN ALGEBRA AND LOGIC GATES,SEQUENTIAL LOGIC CIRCUITS,ALGORITHMIC STATE MACHINES,
942 ## - ADDED ENTRY ELEMENTS (KOHA)
Source of classification or shelving scheme Dewey Decimal Classification
Koha item type Books
942 ## - ADDED ENTRY ELEMENTS (KOHA)
-- 48
Holdings
Withdrawn status Lost status Source of classification or shelving scheme Damaged status Not for loan Home library Current library Date acquired SGTU Total Checkouts Total Renewals Full call number Accession No. (Barcode) Date last seen Date last borrowed Bill Date Koha item type Use restrictions Shelving location
    Dewey Decimal Classification     SGT Engineering Library SGT Engineering Library 22/05/2012 SGTU 7 3 621.381 KHA FE4476 04/12/2024 04/12/2024 09/02/2015 Books    
    Dewey Decimal Classification     SGT Engineering Library SGT Engineering Library 22/05/2012 SGTU 17 3 621.381 KHA FE4477 08/01/2025 03/01/2025 09/02/2015 Books    
    Dewey Decimal Classification     SGT Engineering Library SGT Engineering Library 22/05/2012 SGTU 11   621.381 KHA FE4478 30/09/2024 17/09/2024 09/02/2015 Books    
    Dewey Decimal Classification     SGT Engineering Library SGT Engineering Library 22/05/2012 SGTU 12 4 621.381 KHA FE4479 04/12/2024 02/12/2024 09/02/2015 Books    
    Dewey Decimal Classification     SGT Engineering Library SGT Engineering Library 22/05/2012 SGTU 5   621.381 KHA FE4480 10/01/2024 05/01/2024 09/02/2015 Books    
    Dewey Decimal Classification   Not For Loan SGT Engineering Library SGT Engineering Library 22/05/2012 SGTU     621.381 KHA FE4481 09/02/2015   09/02/2015 Books Restricted Access Reference Book
    Dewey Decimal Classification     SGT Engineering Library SGT Engineering Library 22/05/2012 SGTU 4 2 621.381 KHA FE4482 22/02/2022 30/12/2021 09/02/2015 Books    
    Dewey Decimal Classification     SGT Engineering Library SGT Engineering Library 22/05/2012 SGTU 12   621.381 KHA FE4483 10/12/2024 03/12/2024 09/02/2015 Books    
    Dewey Decimal Classification     SGT Engineering Library SGT Engineering Library 22/05/2012 SGTU 5   621.381 KHA FE4484 30/09/2024 20/09/2024 09/02/2015 Books    
    Dewey Decimal Classification     SGT Engineering Library SGT Engineering Library 22/05/2012 SGTU 4   621.381 KHA FE4485 08/01/2024 03/01/2024 09/02/2015 Books